000 04103cam a22007094i 4500
003 PE-LiUPU
005 20250731173320.0
008 150625s2004 pe a r 000 0 spa d
035 _a(Sirsi) a38244
040 _aPE-LiUPU
_bspa
_cPE-LiUPU
_erda
049 _aPRUA
082 0 4 _a248.58
_bA33
_221
082 0 4 _a248.58
_bA33 2004
100 1 _aAlaña H., Walter,
_eautor.
245 1 0 _aDe espectador a discípulo /
_cWalter Alaña H.
264 1 _aLima :
_bCentro de Aplicación Editorial Imprenta Unión,
_c2004.
300 _a104 páginas :
_bilustraciones ;
_c21 centímetros
336 _atext
_2rdacontent
337 _aunmediated
_2rdamedia
338 _avolume
_2rdacarrier
500 _aReflexiones y sugerencias para cumplir la agenda de Dios.
505 0 _aLevántate y avanza -- De acuerdo, quiero avanzar ¿Por dónde empiezo? -- Ahora que tengo a Jesús ¿Cómo lo comparto?
526 _aSEG42
526 _aSEG41
526 _aSEG40
526 _aSEG39
526 _aP94
526 _aP87
526 _aP86
526 _aP85
526 _aP77
526 _aP76
526 _aP35
650 0 4 _aTestificación por Cristo.
650 0 4 _aEvangelismo.
_9953
910 _cigq
910 _tqv
_d20171116
942 _2ddc
_cBOOK
949 _a248.58 A33
_wDEWEY
_c1
_i57469
_lCCODEBUL1
_mBUL
_p10
_r0
_sY
_tBOOK
_u2015-06-25
_xBIBLIOTECA
_PP35
_0COMPRA
_o.STAFF. Colección Teología
949 _a248.58 A33 2004
_wDEWEY
_c1
_iFJ09081
_lCCODEBUJ1
_mBUJ
_p15.00
_r0
_sY
_tBOOK
_u2017-11-16
_xBIBLIOTECA
_zUNKOWN
_0COMPRA
_o.STAFF. Colección General Juliaca
949 _a248.58 A33 2004
_wDEWEY
_c2
_iFJ09224
_lCCODEBUJ1
_mBUJ
_p15.00
_r0
_sY
_tBOOK
_u2017-11-16
_xBIBLIOTECA
_zUNKOWN
_0COMPRA
_o.STAFF. Colección General Juliaca
596 _a1 2 3
999 _a248.58 A33
_wDEWEY
_c46507
_i57469
_d46507
_e2018-5-15
_f2021-11-11
_g5
_lCCODEBUL1
_mBUL
_n4
_p15.00
_q1
_r0
_sY
_tBOOK
_u2015-6-25
_xTEOLOGIA
_PP35
_0COMPRA
_o.STAFF. Colección Teología
999 _a248.58 A33 2004
_wDEWEY
_c1
_iFT00876
_f2019-2-20
_g1
_lCCODEBUT1
_mBUT
_p5.00
_r0
_sY
_tBOOK
_u2015-11-5
_xBIBLIOTECA
_zUNKNOWN
_0DONACION
_o.STAFF. Colección General
999 _a248.58 A33 2004
_wDEWEY
_c2
_iFT00875
_f2019-2-20
_g1
_lCCODEBUT1
_mBUT
_p5.00
_r0
_sY
_tBOOK
_u2015-11-5
_xBIBLIOTECA
_zUNKNOWN
_0DONACION
_o.STAFF. Colección General
999 _a248.58 A33 2004
_wDEWEY
_c3
_iFT00874
_f2019-2-20
_g1
_lCCODEBUT1
_mBUT
_p5.00
_r0
_sY
_tBOOK
_u2015-11-5
_xBIBLIOTECA
_zUNKNOWN
_0DONACION
_o.STAFF. Colección General
999 _a248.58 A33 2004
_wDEWEY
_c4
_iFT00870
_f2019-2-20
_g1
_lCCODEBUT1
_mBUT
_p5.00
_r0
_sY
_tBOOK
_u2015-11-5
_xBIBLIOTECA
_zUNKNOWN
_0DONACION
_o.STAFF. Colección General
999 _a248.58 A33 2004
_wDEWEY
_c5
_iFT00873
_f2019-2-20
_g1
_lCCODEBUT1
_mBUT
_p5.00
_r0
_sY
_tBOOK
_u2015-11-5
_xBIBLIOTECA
_zUNKNOWN
_0DONACION
_o.STAFF. Colección General
999 _a248.58 A33 2004
_wDEWEY
_c6
_iFT00871
_f2019-2-20
_g1
_lCCODEBUT1
_mBUT
_p5.00
_r0
_sY
_tBOOK
_u2015-11-5
_xBIBLIOTECA
_zUNKNOWN
_0DONACION
_o.STAFF. Colección General
999 _a248.58 A33 2004
_wDEWEY
_c7
_iFT00869
_f2019-2-20
_g1
_lCCODEBUT1
_mBUT
_p5.00
_r0
_sY
_tBOOK
_u2015-11-5
_xBIBLIOTECA
_zUNKNOWN
_0DONACION
_o.STAFF. Colección General
999 _a248.58 A33 2004
_wDEWEY
_c8
_iFT00872
_f2019-2-20
_g1
_lCCODEBUT1
_mBUT
_p5.00
_r0
_sY
_tBOOK
_u2015-11-5
_xBIBLIOTECA
_zUNKNOWN
_0DONACION
_o.STAFF. Colección General
999 _a248.58 A33 2004
_wDEWEY
_c1
_iFJ09224
_d2019-5-13
_e2019-5-7
_f2022-2-4
_g4
_lCCODEBUJ1
_mBUJ
_n1
_p15.00
_q3
_r0
_sY
_tBOOK
_u2017-11-16
_xBIBLIOTECA
_zUNKNOWN
_0COMPRA
_o.STAFF. Colección General Juliaca
980 _81
_gALBERTO SANCHEZ Responsable de Automatización